| 000 | 00674nam a2200229 a 4500 | ||
|---|---|---|---|
| 001 | 1342 | ||
| 003 | BD-RjUL | ||
| 005 | 20211208233323.0 | ||
| 008 | 131125s1962 - ||||| |||| 001 0 eng d | ||
| 035 | _a(BD-RjUL)1364 | ||
| 040 |
_aBD-RjUL _beng _cBD-RjUL _dBD-RjUL |
||
| 041 | _aeng | ||
| 082 | 0 | 4 |
_222 _a131.322 _bMCC 1962 |
| 100 | 1 |
_aMcGowan, John F. _93977 |
|
| 245 | 1 |
_aCounseling : _bReading in theory and practice / _cJohn F. McGowan and Lyle D. Schmidt. |
|
| 260 |
_aLondon ; _aNew York : _bHolt, _c1962. |
||
| 300 |
_axiii, 621 p. ; _c24 cm. |
||
| 504 | _aIncludes index. | ||
| 650 | 0 | 7 |
_2SLSH _aCounseling _93978 |
| 700 | 1 |
_aSchmidtm, Lyle D., _93979 |
|
| 942 |
_2ddc _cBK |
||
| 999 |
_c1342 _d1342 |
||